Sombras : (Record no. 179751)

MARC details
000 -LEADER
campo de control de longitud fija 01360nam a2200313 i 4500
001 - NÚMERO DE CONTROL
campo de control 179751
003 - IDENTIFICADOR DE NÚMERO DE CONTROL
campo de control ES-MaACL
005 - FECHA Y HORA DE LA ÚLTIMA TRANSACCIÓN
campo de control 20260216122538.0
008 - DATOS DE LONGITUD FIJA--INFORMACIÓN GENERAL
campo de control de longitud fija 120118s2011 sp aco c |||| | spa d
020 ## - NÚMERO INTERNACIONAL ESTÁNDAR DEL LIBRO
Número Internacional Estándar del Libro 978-84-938347-2-2
080 ## - NÚMERO DE LA CLASIFICACIÓN DECIMAL UNIVERSAL
Número de la Clasificación Decimal Universal 77(05)(460.27 M.)(060.64)
080 ## - NÚMERO DE LA CLASIFICACIÓN DECIMAL UNIVERSAL
Número de la Clasificación Decimal Universal 77(460)"19"(060.64)
245 00 - MENCIÓN DEL TÍTULO
Título Sombras :
Resto del título revista fotográfica española, 1944-1954 /
Mención de responsabilidad, etc. [texto], Mónica Carabias Álvaro.
260 ## - PUBLICACIÓN, DISTRIBUCIÓN, ETC.
Lugar de publicación, distribución, etc. [Beniparrell, Valencia] :
Nombre del editor, distribuidor, etc. Pentagraf,
Fecha de publicación, distribución, etc. [2011]
300 ## - DESCRIPCIÓN FÍSICA
Extensión 310 p. :
Otras características físicas principalmente fot. ;
Dimensiones 22 cm.
500 ## - NOTA GENERAL
Nota general Índice onomástico.
530 ## - NOTA DISPONIBLE DE FORMULARIO FÍSICO ADICIONAL
Nota de formato físico adicional disponible Disponible en formato digital la Guía de la Exposición.
585 ## - NOTA DE EXPOSICIONES
Nota de exposiciones Publ. con motivo de la exposición del mismo título, celebrada en el Museo de la Ciudad, del 23 de febrero al 22 de mayo de 2011.
630 04 - PUNTO DE ACCESO ADICIONAL DE MATERIA--TÍTULO UNIFORME
Título uniforme Sombras (Madrid)-
Subdivisión de forma Exposiciones.
9 (RLIN) 149108
650 #4 - PUNTO DE ACCESO ADICIONAL DE MATERIA--TÉRMINO DE MATERIA
Término de materia o nombre geográfico como elemento de entrada Fotografía-
Subdivisión geográfica España-
Subdivisión cronológica S.XX-
Subdivisión de forma Exposiciones.
9 (RLIN) 173401
655 #7 - TERMINO DE INDIZACIÓN--GENERO/FORMA
Fuente del término tgfbne
9 (RLIN) 193628
Datos o término principal de género/forma Catálogos de exposiciones
700 1# - ENTRADA AGREGADA--NOMBRE PERSONAL
Nombre de persona Carabias Álvaro, Mónica.
9 (RLIN) 142765
710 2# - ENTRADA AGREGADA--NOMBRE DE ENTIDAD CORPORATIVA
Nombre de entidad corporativa o nombre de jurisdicción como elemento de entrada Museo de la Ciudad (Madrid)
9 (RLIN) 149107
852 ## - LOCALIZACIÓN
Ubicación ES-MaACL
itemnumber 186651
Sublocalización o colección R.146892
Número de control de estantería A-11894
Signatura antigua Olim: N-4899
Ubicación en estantería Depósito 1
856 4# - LOCALIZACIÓN Y ACCESO ELECTRÓNICOS
Identificador Uniforme de Recursos <a href="https://www.memoriademadrid.es/view/444924">https://www.memoriademadrid.es/view/444924</a>
Nota pública Memoria de Madrid
Texto de enlace (Guía de la Exposición)
942 ## - ELEMENTOS DE ENTRADA SECUNDARIOS (KOHA)
Fuente del sistema de clasificación o colocación Clasificación decimal universal
Tipo de ítem Koha Libro impreso
Holdings
Estatus retirado Estado de pérdida Fuente del sistema de clasificación o colocación Estado de daño No para préstamo Colección Biblioteca de origen Biblioteca actual Ubicación en estantería Fecha de adquisición Fuente de adquisición Total de préstamos Signatura topográfica completa Código de barras Visto por última vez Precio de reemplazo Tipo de ítem Koha
    Clasificación decimal universal     Colección digital Biblioteca del Ateneo de Madrid Biblioteca del Ateneo de Madrid Depósito 1 18/01/2012 Donación   A-11894 1188836 23/02/2023 23/02/2023 Libro impreso